000 01115nam a2200277 i 4500
001 151490
003 ES-MaACL
005 20250418063159.0
008 220627s2022 sp 001 0 spa
020 _a978-84-204-6255-4
080 _a821.134.2 Pérez Galdós, Benito 1.07
100 1 _aVargas Llosa, Mario,
_d1936-2025
_9240060
245 1 3 _aLa mirada quieta :
_b(de Pérez Galdós) /
_cMario Vargas Llosa.
250 _a1ª ed.
260 _a[Barcelona] :
_bAlfaguara,
_c2022.
300 _a349 p. ;
_c24 cm.
490 1 _aNarrativa hispánica
505 8 _aContiene: Las novelas ; El teatro ; Los Episodios nacionales ; Pérez Galdós en la literatura de España
600 1 4 _aPérez Galdós, Benito,
_d1843-1920-
_xCrítica e interpretación
_990875
830 1 _aNarrativa hispánica
_9221234
852 4 _aES-MaACL
_jA-14961
_9156952
_bR.153315
_cDEPO1
_dOlim: N-7961
_gDedicatoria autógrafa del autor
_hDonación: Mario Vargas Llosa
903 _aVargas Llosa, Mario,
_d1936-2025
_ednr
_9240060
942 _2udc
_cMONOGRAFIA
999 _c151490
_d151490